000 00452nam a2200157Ia 4500
008 240729s9999 xx 000 0 und d
022 _a2231-5357
245 0 _aJournal of International Clinical Dental Research Organization
260 _aIndia
260 _bWolters Kluwer Medknow Publications
650 _a Dentistry
650 _aMedicine
856 _uhttps://doaj.org/toc/c27d481fd1964e6fb810f8da2e1fced4
942 _2ddc
942 _cDOAJEJ
999 _c70252
_d70252
945 _a1
_bMadushi Gamage
_c1
_dMadushi Gamage